书目信息 |
| 题名: |
影碟机检修资料大全
|
|
| 作者: | 吴南岩 , 蔡声镇 主编 | |
| 分册: | ||
| 出版信息: | 福州 福建科学技术出版社 1997 |
|
| 页数: | 615页 | |
| 开本: | 28cm | |
| 丛书名: | ||
| 单 册: | ||
| 中图分类: | TN946.5 | |
| 科图分类: | ||
| 主题词: | 激光放像机--检修--手册 | |
| 电子资源: | ||
| ISBN: | 7-5335-1059-3 | |
| 000 | 00653nam0 2200217 45 | |
| 001 | 0197028071 | |
| 005 | 20061126082537.34 | |
| 010 | @a7-5335-1059-3@dCNY79.00(含附图) | |
| 100 | @a19970908d1997 em y0chiy0121 ea | |
| 101 | 0 | @achi |
| 102 | @aCN@b350000 | |
| 105 | @aa z 000yy | |
| 200 | 10 | @a影碟机检修资料大全@Aying die ji jian xiu zi liao da quan@f吴南岩,蔡声镇主编 |
| 210 | @a福州@c福建科学技术出版社@d1997 | |
| 215 | @a615页@d28cm@e附图19幅 | |
| 606 | @a激光放像机@x检修@x手册 | |
| 690 | @aTN946.5@v3 | |
| 701 | 0 | @a吴南岩@Awu nan yan@4主编 |
| 701 | 0 | @a蔡声镇@Acai sheng zhen@4主编 |
| 801 | 0 | @aCN@bTSSF@c20061126 |
| 905 | @a10447@dTN946.5@e168 | |
| 影碟机检修资料大全/吴南岩,蔡声镇主编.-福州:福建科学技术出版社,1997 |
| 615页;28cm+附图19幅 |
| ISBN 7-5335-1059-3:CNY79.00(含附图) |
| ● |
| 相关链接 |
|
|
|
|
正题名:影碟机检修资料大全
索取号:TN946.5/168
 
预约/预借
| 序号 | 登录号 | 条形码 | 馆藏地/架位号 | 状态 | 备注 |
| 1 | 0283387 | 002833875 | 第二样本阅览室/ [索取号:TN946.5/168] | 在馆 |